| 000 | 01147nas a2200349 4500 | ||
|---|---|---|---|
| 001 | BR2016000405 | ||
| 003 | BR-BrBNA | ||
| 005 | 20231205130047.0 | ||
| 007 | ta | ||
| 008 | 230509b bl.|||p| |||| 00| 00por d | ||
| 040 |
_aBR-BrBNA _bpor _cBiblioteca Nacional de Agricultura |
||
| 041 | _a(Pt) | ||
| 072 | _aF30 | ||
| 100 | 1 | _aFonseca, G.M. da | |
| 100 | 1 | _aSilveira, S.F. da S. | |
| 100 | 1 | _aLuz, V.K. da | |
| 100 | 1 | _aGroli, E.L. | |
| 100 | 1 | _aFigueiredo, R.G. | |
| 100 | 1 | _aBaretta, D. | |
| 100 | 1 | _aKopp, M.M. | |
| 100 | 1 | _aMagalhães Junior, A.M. de | |
| 100 | 1 | _aMaia, L.C. da | |
| 100 | 1 | _aOliveira, A.C. de | |
| 245 | 1 | _aIdentificação de variabilidade para caracteres de importância agronômica em famílias mutantes de arroz irrigado | |
| 650 | _aARROZ IRRIGADO | ||
| 650 | _aMELHORAMENTO GENÉTICO VEGETAL | ||
| 650 | _aCARACTERÍSTICAS AGRONÔMICAS | ||
| 773 | 0 |
_tBragantia (Brazil) _xISSN 1678-4499 _g(Jan-Mar 2016), v. 75(1) p. 41-50 _wBR2016000405 |
|
| 856 | 4 | 0 | _uhttp://www.scielo.br/pdf/brag/v75n1/pt_0006-8705-brag-1678-4499283.pdf |
| 909 |
_a202311 _bLúcia _c55 _dLúcia Elande |
||
| 942 |
_2AGRIS _n0 _cANA |
||
| 999 |
_c247695 _d247695 |
||